| 000 | 00873cam a22002294a 4500 | ||
|---|---|---|---|
| 020 | _a0195146123 (pbk. : alk. paper) | ||
| 082 | 0 | 0 |
_a808.0666 _bHOU _cN-1, P-90 |
| 100 |
_aHoup, Kenneth W. _945863 |
||
| 245 | 0 | 0 |
_aReporting technical information / _cKenneth W. Houp ... [et al]. |
| 250 | _a10th ed. | ||
| 260 |
_aNew York : _bOxford University Press, _c2002. |
||
| 300 |
_axx, 694 p. : _bill. (some col.) ; _c24 cm. |
||
| 500 | _aRev. ed. of: Reporting technical information / Kenneth W. Houp, c1998. | ||
| 526 |
_a0 _b0 _c0 _d808_066600000000000_HOU |
||
| 650 | 0 |
_aNUST _96342 |
|
| 650 | 0 |
_aTechnical writing. _97391 |
|
| 700 | 1 |
_aHoup, Kenneth W., _945864 |
|
| 700 | 1 |
_aHoup, Kenneth W., _945864 |
|
| 856 | 4 | 1 | _uhttp://www.loc.gov/catdir/enhancements/fy0610/00053079-t.html |
| 856 | 4 | 2 | _uhttp://www.loc.gov/catdir/enhancements/fy0610/00053079-d.html |
| 942 |
_2ddc _cBK |
||
| 999 |
_c549287 _d549287 |
||